| 000 | 00608nam a2200169 i 4500 | ||
|---|---|---|---|
| 001 | 166682 | ||
| 003 | ES-MaACL | ||
| 005 | 20230906213359.0 | ||
| 008 | 050919s1859 xxk | |||||||| ||eng d | ||
| 040 |
_aCAM _bspa _cCAM |
||
| 100 | 1 |
_aTrübner, Nicolas. _9133407 |
|
| 245 | 1 | 0 |
_aTrübner's bibliographical guide to american literature _b: a classed list of books ... |
| 260 |
_aLondon : _bTrübner and Co., _c1859. |
||
| 300 |
_aCXLIX, 554 p. ; _c22 cm. |
||
| 650 | 4 |
_aLiteratura americana- _xBiobibliografías. _9136420 |
|
| 852 |
_aES-MaACL _jB-4444 _z-- Enc. hol. _z-- Enc. al final 8 p. de propaganda ed. |
||
| 999 |
_c166682 _d166682 |
||